| 000 | 00567nam a2200229 a 4500 | ||
|---|---|---|---|
| 999 |
_c5377 _d5377 |
||
| 001 | 5377 | ||
| 003 | BD-JhCC | ||
| 005 | 20171213175857.0 | ||
| 008 | 171213s1973 b |||| || | 000 0 eng d | ||
| 035 | _a(BD-JhCC)5377 | ||
| 040 |
_aBD-JhCC _dBD-JhCC |
||
| 041 | _aeng | ||
| 082 |
_a512 _bSIK 1973 |
||
| 100 | _aSikder, Abu Zaid | ||
| 245 |
_aAlgebra and Calculus / _cAbu Zaid Sikder, |
||
| 260 |
_aDacca : _bBangladesh Book Corporation, _c1973. |
||
| 300 |
_a409 p. : _c20 cm. |
||
| 650 | _aAlgebra | ||
| 650 | _aCalculus | ||
| 942 |
_2ddc _cBK |
||